=LDR 00000nam 2200000 4500 =001 INLIS000000000035042 =005 20200218073640 =035 ##$$a 0010-061300000035042 =008 200218################g##########0#ind## =041 ##$$a Ind =082 ##$$a 158.12 =090 ##$$a 158.12, Tra s =100 ##$$a Tragy, Brian =245 1#$$a Spirit of succes : $b Kisah sukses di masa krisis /$c Brian Tracy; Penyunting, I. a kristhari suci; Editor, Drs. Suharsono =260 ##$$a Jakarta :$b Pustaka Dalapratasa,$c 2006 =300 ##$$a 108 hlm : $b Ilus ; $c 23.5 cm =650 #4$$a Sukses dalam bisnis =850 ##$$a NBPNMAT =020 ##$$a 979-3253-40-1 =084 ##$$a 158.12 Tra s =990 ##$$a 21007501 =990 ##$$a 21007502 =990 ##$$a 1201101198 =990 ##$$a 21007503 =990 ##$$a 21007501 =990 ##$$a 21007502